000 00246nam a2200097Ia 4500
001 1135248
005 20250827005144.0
008 250824s9999 xx 000 0 und d
245 0 _aKENDİNİ ARAMAK
_cİHSAN FAZLIOĞLU
260 _bKETEBE YAYINLARI
999 _c1135248
_d1135248